| 000 | 02003nam0a2200337 i 4500 | ||
|---|---|---|---|
| 001 | RU\NLR\BIBL_A\010546874 | ||
| 005 | 20260408180621.0 | ||
| 010 |
_a9785957108658 _9100 |
||
| 021 |
_aRU _b2014-72620 _94451 |
||
| 035 | _a(NILC)RuMoRGB-007558614 | ||
| 035 | _a(NLR Aleph) 010546874 | ||
| 090 |
_a10320474 _c10320474 |
||
| 100 | _a20141128d2013 km y0rusy50 ca | ||
| 101 | 0 | _arus | |
| 102 | _aRU | ||
| 105 | _aa|||z|||000yy | ||
| 200 | 1 |
_aСовременные кадровые технологии региона _eсборник научных трудов по итогам Региональных кадровых форумов 2012-2013 гг. _f[отв. ред.: Шаповалова И. С.] |
|
| 210 |
_aБелгород _cБелгород _d2013 |
||
| 215 |
_a120, [1] с. _cил., табл. _d21 |
||
| 300 | _aВ надзаг.: М-во образования и науки Российской Федерации, Департамент гос. политики в сфере высш. образования, ФГАОУ ВО "Белгородский гос. нац. исследовательский ун-т", Высш. шк. упр. | ||
| 320 | _aБиблиогр. в подстроч. примеч. | ||
| 606 |
_aУправление _xКадры _jСъезды, совещания и т.п _3RU\NLR\AUTH\66904796 _91973917 |
||
| 686 | 1 | _aУ24(2)926.12я431 | |
| 702 | 1 |
_aШаповалова _bИ. С. _gИнна Сергеевна _4340 |
|
| 711 | 1 | 2 |
_aРегиональный кадровый форум _eБелгород _f2012 _9433677 _3RU\NLR\AUTH\880383740 |
| 711 | 1 | 2 |
_aРегиональный кадровый форум _eБелгород _f2013 _9433680 _3RU\NLR\AUTH\880383741 |
| 801 | 0 |
_aRU _bРГБ _c20140925 _gRCR |
|
| 942 | _cBOOK | ||
| 980 | _aNBR | ||